Statistics for Best Player to be a member of every NBA team

Click here to take the quiz!

General Stats

  • This quiz has been taken 93 times
    (3 since last reset)
  • The average score is 21 of 30

Answer Stats

TeamPlayer% Correct
UTAKarl Malone
100%
MIALeBron James
100%
CLELeBron James
100%
LALLeBron James
100%
WASMichael Jordan
100%
CHIMichael Jordan
100%
PHIWilt Chamberlain
100%
MEMAllen Iverson
67%
BOSBill Russell
67%
NOPChris Paul
67%
CHADwight Howard
67%
TORHakeem Olajuwon
67%
HOUHakeem Olajuwon
67%
MILKareem Abdul-Jabbar
67%
LACKawhi Leonard
67%
OKLKevin Durant
67%
BKNKevin Garnett
67%
MINKevin Garnett
67%
DENNikola Jokic
67%
NYKPatrick Ewing
67%
PORScottie Pippen
67%
ORLShaquille O'Neal
67%
PHOShaquille O'Neal
67%
GSWSteph Curry
67%
DALSteve Nash
67%
SASTim Duncan
67%
ATLBob Pettit
33%
SACOscar Robertson
33%
INDReggie Miller
33%
DETTracy McGrady
33%

Score Distribution

Percentile by Number Answered

Percent of People with Each Score

Your Score History

You have not taken this quiz since the last reset